000 00905nam a2200253Ia 4500
003 OSt
005 20220923225414.0
006 a|||||r|||| 00| 0
007 ta
008 220922b |||||||| |||| 00| 0 hin d
024 _a266,304
037 _cTextual
040 _aARTS
_cARTS
_bhin
041 _2hin
_ahin
082 _aT:3(P), L2
100 _aहेरॅरा, ऐलिप, (और अन्य)
_9168629
245 0 _aशिक्षण संजीवनी शैक्षणिक विश्व आज व उद्या
246 _aShikṣhaṇ sanjīvanī shaikṣhaṇik vishva āj v udyā
260 _aयूनेस्को
_b हाराप लंडन
_c1972
300 _a312पृ.
_ccm.
650 _aशिक्षण
_9156320
942 _hT:3(P), L2
_cTEXL
_2CC
999 _c378024
_d378024